01825nam a2200265Ia 4500001000600000003000900006008004100015040001300056040001300069041001300082100001800095100002900113245006900142245006800211250001100279260001000290260001000300260004900310300005700359500099700416650002601413650003101439700003501470700005401505G9538IT-RoPAU130308s9999 xx 000 0 und d aIT-RoPAU cIT-RoPAU aFRANCESE aCallon Michel gCodice Aut. SPICS: 31952 aAgir dans un monde incertain. Essai sur la democratie technique  bAgir Dans un monde Incertain. Essai Sur la Democratie Technique a1a ed. aPARIS bSeuil c2001 [1° Ed.:2001 - Ed.Ling.Originale:2001] a"364 p. (prefazione: no ; testo: 364 [pagine: 0-0])" a"Agire in un Mondo Incerto: Saggio Sulla Democrazia Tecnica. forum Ibridi: Tempo delle Incertezze; Esplorazioni e Tirocini Collettivi; Spazio Dialogico dei forum Ibridi. Ricerca Viziata: Grande chiusura e Traduzioni. Partecipare Alla formulazione dei Problemi. Partecipare al collettivo di Ricerca per Allargarlo e Organizzarlo. necessaria collaborazione tra Ricerca chiusa Ericerca Ariosa. Alla Ricerca di un Mondo Comune: Quando Il Cittadino Comune e Il profano Contestano le Grandi Divisioni; doppia Esplorazione dei mondi Possibili e del Collettivo. Organizzazione dei forum Ibridi: Criteri di classificazione delle procedure Dialogiche; Entrata Nello Spazio Pubblico. Azione Misurata, o Come Decidere senza Rompere?: Precauzione Come Azione Misurata; Nuova Concezione della Decisione. Democratizzazione della Democrazia: Fine dei Grandi Discorsi; innovazione Procedurale della Democrazia Tecnica: rappresentazione delle Minoranze. Dopo una Democrazia Delegata, una Democrazia Dialogica?" aSAGGI DI ANTROPOLOGIA eCodice materia Spics: 3507 aLascoumes PierreBarthe Yannick gCodice Aut. SPICS: 30071Codice Aut. SPICS: 56124